Statystyki dla Najwyższe państwa od północy do południa

Kliknij tutaj aby rozwiązać quiz!

Ogólne statystyki

  • Ten quiz został rozwiązany 13 689 razy
  • Średni wynik to 14 z 20

Statystyki odpowiedzi

RozpiętośćKraj% Poprawnych
4065 kmRosja
98%
2695 kmStany Zjednoczone
97%
3335 kmKanada
96%
3700 kmChiny
94%
4331 kmBrazylia
91%
4042 kmChile
90%
3398 kmArgentyna
88%
3159 kmAustralia
87%
2796 kmIndie
87%
2019 kmMeksyk
83%
2086 kmDem. Rep. Konga
71%
1983 kmAlgieria
66%
1749 kmArabia Saudyjska
65%
2043 kmPeru
59%
1858 kmKolumbia
51%
1651 kmTajlandia
48%
1778 kmCzad
45%
1679 kmMaroko
44%
2062 kmMjanma
33%
1811 kmMozambik
32%

Rozkład punktacji

Percentyl według liczby udzielonych odpowiedzi

Procent ludzi z każdym wynikiem

Twoja historia wyników

Nie rozwiązałeś tego quizu